000 01008nam a2200277 i 4500
001 bg
003 KOSZ 005
005 20250805063838.0
008 071210s1967 pl a g 000 0 pol
015 _aPB 1967/4483
040 _aWA N
_cKOSZ 005/RW
_dKOSZ 005/RW
080 _a53(075):378.244
100 1 _aKamiński, Zbigniew
_c(fizyk)
_eAutor
_dAutor
245 1 0 _aFizyka :
_bdla kandydatów na wyższe uczelnie techniczne /
_cZbigniew Kamiński ; [W. Szymanowski: przedm. do wyd. 6.].
250 _aWyd. 8.
260 _aWarszawa :
_bWydawnictwa Naukowo-Techniczne,
_c1967.
300 _a555 s. :
_bil. ;
_c24 cm.
380 _aKsiążki.
650 4 _aFizyka
655 4 _aPodręcznik
650 4 _aEgzaminy do szkół wyższych
710 2 _aWydawnictwa Naukowo-Techniczne
_4pbl.
700 1 _aSzymanowski, Wacław
_ePrzedmowa
856 _uhttp://koha.tu.koszalin.pl/cgi-bin/koha/opac-detail.pl?biblionumber=10779
_yKatalog online BPK
942 _2UKD
_cKS
999 _c10779
_d10779